Engineering Mechanics: Statistics (Record no. 2008)

MARC details
005 - DATE AND TIME OF LATEST TRANSACTION
control field 20250620163405.0
020 ## - INTERNATIONAL STANDARD BOOK NUMBER
International Standard Book Number 0-395-14210-5
082 ## - DEWEY DECIMAL CLASSIFICATION NUMBER
Classification number LM 620.103 ANA
100 ## - MAIN ENTRY--PERSONAL NAME
Author name ANAND, D. K.
245 ## - TITLE STATEMENT
Title Engineering Mechanics: Statistics
260 ## - PUBLICATION, DISTRIBUTION, ETC.
Place of publication, distribution, etc. Boston,
Name of publisher, distributor, etc. Haughton Mifflin Company,
Date of publication, distribution, etc. 1973.
300 ## - PHYSICAL DESCRIPTION
Extent xi, 307p.: ill.; picture.
Other physical details Index.
Dimensions 24cm.
700 ## - ADDED ENTRY--PERSONAL NAME
Other authors/Editors CUNNIFF, P. F.
942 ## - ADDED ENTRY ELEMENTS (KOHA)
Source of classification or shelving scheme Dewey Decimal Classification
Koha item type Books
Holdings
Date last seen Total checkouts Full call number Barcode Cost, replacement price Price effective from Koha item type Lost status Source of classification or shelving scheme Damaged status Not for loan Withdrawn status Home library Current library Shelving location Date acquired Cost, normal purchase price
05/06/2025   LM 620.103 ANA 0000007252 325733.40 05/06/2025 Books   Dewey Decimal Classification       College of Business Education Main Library College of Business Education Main Library General Collection 12/27/1983 108577.80
05/06/2025   LM 620.103 ANA 0000007253 325733.40 05/06/2025 Books   Dewey Decimal Classification       College of Business Education Main Library College of Business Education Main Library General Collection 12/27/1983 108577.80
05/06/2025   LM 620.103 ANA 0000007254 325733.40 05/06/2025 Books   Dewey Decimal Classification       College of Business Education Main Library College of Business Education Main Library General Collection 12/27/1983 108577.80
05/06/2025   LM 620.103 ANA 0000007255 325733.40 05/06/2025 Books   Dewey Decimal Classification       College of Business Education Main Library College of Business Education Main Library General Collection 12/27/1983 108577.80